000 00848nam a22001937a 4500
005 20250115143906.0
010 _aB-761627
020 _a9789392480096
_c295.00
035 _aB-761627
037 _bउपहार
082 _a355.425
100 _aमिश्र, सुरेन्द्र कुमार
_976619
245 _aसैन्य मनोविज्ञान /
_cसुरेन्द्र कुमार मिश्र
260 _aदिल्ली
_bआकृति प्रकाशन
_c2023
270 _aई-10, गली नं.6,सादतपुर एक्स.
_bदिल्ली
_e110090
300 _a275पृ
_c23सेमी(सजिल्द)
942 _cHN
_2ddc
_h355.425
_m मिश्रसु
999 _c208528
_d208528